Statistics for BRICS Leaders, 2009-present

Click here to take the quiz!

General Stats

  • This quiz has been taken 149 times
  • The average score is 7 of 12

Answer Stats

CountryYearLeader% Correct
Russia2012–Vladimir Putin
99%
China2012–Xi Jinping
94%
Brazil2019–2022Jair Bolsonaro
78%
India2014–Narendra Modi
78%
Brazil
2023–,
2003–2010
Lula da Silva
62%
Russia2008–2012Dmitry Medvedev
58%
Brazil2011–2016Dilma Rousseff
51%
South Africa2009–2018Jacob Zuma
45%
China2002–2012Hu Jintao
35%
South Africa2018–Cyril Ramaphosa
29%
India2004–2014Manmohan Singh
28%
Brazil2016–2018Michel Temer
25%

Score Distribution

Percentile by Number Answered

Percent of People with Each Score

Your Score History

You have not taken this quiz